[Event "IND-ch Senior Open 2019"]
[Site "Mazitar"]
[Date "2019.12.11"]
[Round "2.2"]
[White "Aravindh, Chithambaram VR."]
[Black "Ojas Kulkarni"]
[Result "1-0"]
[WhiteElo "2605"]
[BlackElo "2246"]
[Annotator "TA"]
[PlyCount "55"]
[EventDate "2018.12.08"]
[EventType "swiss"]
[EventCountry "IND"]
[SourceTitle "playchess.com"]
[Source "ChessBase"]
[SourceQuality "1"]

{[%evp 20,67,25,1,10,0,0,0,2,18,69,58,52,39,126,119,120,85,80,53,87,101,99,42,130,130,228,152,233,22,110,102,107,102,104,97,102,66,97,97,310,237,230,192,771,769,765,741,760,756]} 1. d4 Nf6 2. c4 g6 3. Nc3 d5 4. cxd5 Nxd5 5. e4 Nxc3 6. bxc3 Bg7 7. Bb5+ c6 8. Ba4 O-O 9. Ne2 Nd7 10. O-O e5 11. Be3 Re8 {D85: Exchange Grünfeld: Unusual White 7th moves and lines with 7 Nf3} (11... Qe7 12. Bc2 Nb6 13. f4 exd4 14. Bxd4 Rd8 15. f5 Bxd4+ 16. cxd4 c5 17. Qd2 Nc4 18. Qd3 Ne5 19. Qa3 Nc4 {1-0 (36) Radjabov,T (2758)-Xiong,J (2707) Khanty-Mansiysk 2019}) 12. d5 $146 ({Predecessor:} 12. f3 b5 13. Bb3 Nb6 14. dxe5 Qxd1 15. Raxd1 Bxe5 16. Nd4 Bb7 17. f4 Bxd4 18. Bxd4 Nc4 19. e5 {½-½ (38) Ozenir,E (2261)-Sindarov,J (2495) Antalya 2019}) 12... b5 13. Bb3 Bb7 {The position is equal.} 14. a4 Nf6 (14... cxd5 $11 15. Bxd5 (15. exd5 a6 $14) 15... Bxd5 16. exd5 bxa4) 15. dxc6 $14 Bxc6 16. axb5 Bxe4 (16... Qxd1 $1 $14 17. Rfxd1 Bxb5) 17. Qxd8 $16 ({Reject} 17. Bxa7 $6 Qe7 $11) (17. Rxa7 $6 Rxa7 18. Qxd8 Rxd8 $11) 17... Rexd8 18. c4 Bd3 19. Rfe1 Ng4 20. Bxa7 e4 21. Ra2 (21. Ra4 $16) 21... Bf8 ({Black should play} 21... Ne5 $1 $14) 22. Nf4 Rd7 (22... Rxa7 $16 23. Rxa7 Nxf2) 23. b6 Rc8 (23... Rb7 $16 {was necessary.}) 24. Nd5 $2 (24. Nxd3 $18 exd3 25. Ba4) 24... Bxc4 {[#]} (24... Rb7 $1 $11 {keeps the balance.}) 25. Rc2 $1 Bxb3 {[%mdl 64] Discovered Attack} 26. Rxc8 {aiming for Nc7.} Bxd5 27. Rc7 $36 {[%mdl 2048] Black is under strong pressure.} Nf6 {Threatening ...Bb7.} 28. Rec1 {Played: Re1-d1} 1-0

[Event "IND-ch Senior Open 2019"]
[Site "Mazitar"]
[Date "2019.12.11"]
[Round "2.3"]
[White "Sengupta, Deep"]
[Black "Subhayan Kundu"]
[Result "1-0"]
[WhiteElo "2564"]
[BlackElo "2222"]
[Annotator "TA"]
[PlyCount "149"]
[EventDate "2018.12.08"]
[EventType "swiss"]
[EventCountry "IND"]
[SourceTitle "playchess.com"]
[Source "ChessBase"]
[SourceQuality "1"]

{[%evp 20,149,4,8,2,0,2,-44,-13,-29,20,0,0,0,0,0,0,-36,-35,-109,-100,-102,-104,-92,-95,-97,-97,-79,-69,-89,23,20,64,64,64,64,67,64,76,53,74,81,75,12,15,14,20,19,27,26,80,80,80,80,80,40,92,92,92,92,92,92,99,99,99,92,99,92,99,92,99,99,99,92,92,91,91,91,121,121,121,121,121,121,121,121,121,121,121,121,121,121,121,121,121,121,121,121,121,121,12850,12851,12851,12851,12851,12851,12851,12851,12851,12851,12851,0,12851,0,0,0,0,0,0,0,0,0,0,0,0,0,0,0,12851,12851,12851,12851]} 1. Nf3 d5 2. d4 Nf6 3. c4 e6 4. Nc3 c6 5. e3 Nbd7 6. Qc2 Bd6 7. Bd3 O-O 8. O-O dxc4 9. Bxc4 b5 10. Be2 Bb7 11. a3 a5 {D46: Semi-Slav: 5 e3 Nbd7 6 Bd3, Black avoids the Meran} (11... a6 12. e4 e5 13. dxe5 Nxe5 14. Nd4 g6 15. Bg5 c5 16. Nf3 Nxf3+ 17. Bxf3 Be5 18. Rfd1 Qc7 19. h4 {1-0 (59) Cori Tello,J (2659)-Mareco,S (2643) Montevideo 2018}) 12. e4 {Strongly threatening e5.} e5 13. Bg5 h6 $146 {Black is slightly better.} ({Predecessor:} 13... Qc7 14. Rac1 Rac8 15. h3 exd4 16. Nxd4 b4 17. axb4 axb4 18. Nb1 c5 19. Nb5 Qb6 20. Nd2 Bb8 21. Bxf6 Qxf6 22. Rfd1 Rfe8 23. Bg4 {0-1 (23) Gudmundsson,G (1565)-Vignisson,I (1685) Reykjavik 2018}) 14. Bh4 b4 15. dxe5 Nxe5 16. Na4 c5 17. Nxe5 Bxe5 18. Bf3 Rc8 $36 {[%mdl 2048] Black is more active.} 19. Rad1 (19. Rfd1 $1 $15 Qc7 20. Bxf6 Bxf6 21. Bg4) 19... Qc7 $17 20. Bxf6 Bxf6 ({Weaker is} 20... Bxh2+ 21. Kh1 $18) 21. Bg4 c4 22. axb4 axb4 23. Bxc8 Rxc8 24. b3 cxb3 (24... c3 $17) 25. Qxb3 $11 Qc4 26. Qxc4 Rxc4 27. Rc1 $1 {[%cal Rc1c4]} Rxe4 28. Nc5 {[%mdl 64] [#] Double Attack} Re7 29. Rfe1 {And now Rxe7 would win.} Bd5 $1 30. Rxe7 Bxe7 $16 {[%mdl 4096] Endgame KRN-KB} 31. Rd1 (31. Nd3 $16) 31... Bxg2 $11 32. Na6 Bc6 {...b3 is the strong threat.} (32... Bf3 {with more complications.} 33. Rb1 f6 34. Nxb4 Bd6 35. Nc2 Be4) 33. Rb1 g6 34. Nxb4 Bxb4 (34... Ba8 $11) 35. Rxb4 {KR-KB} Kg7 36. Rb6 Bf3 37. h4 h5 (37... f5 $14) 38. Kh2 $16 Be4 39. Kg3 Bf5 40. Kf4 Bc2 41. Ke5 Bf5 42. Rf6 Bc2 43. Rf4 Bb1 44. Kd6 Kf8 45. Rb4 Bf5 46. Rb8+ Kg7 47. Ke7 Be4 48. Rb6 Bf3 {[#]} 49. Rf6 $1 Bd5 50. f4 Bc4 51. f5 gxf5 52. Rxf5 Kg6 53. Rg5+ Kh6 54. Kf6 Be6 55. Re5 Bb3 56. Rc5 Be6 57. Rb5 Bc4 58. Rb2 Be6 59. Rb4 Bg4 $2 {[%mdl 8192]} (59... Kh7 $16 60. Rb5 Kh6) 60. Kxf7 $18 Kh7 61. Kf6 Bf3 62. Rb3 Bd1 63. Rc3 Bg4 64. Kg5 Kg7 65. Rc7+ Kg8 $2 {[%mdl 8192]} (65... Kf8 $11 66. Rh7 Ke8) 66. Ra7 $2 ({White should try} 66. Kf6 $18 Kf8 67. Re7) 66... Kf8 $11 67. Kf6 {White wants to mate with Ra8+.} (67. Rh7 {is interesting.}) 67... Ke8 68. Re7+ Kd8 69. Kf7 {Black must now prevent Kf6.} Bf3 $2 {[%mdl 8192]} (69... Bd1 $11 70. Ke6 Bf3 71. Rd7+ Ke8) 70. Ke6 $2 {[%mdl 8192]} (70. Re5 $11 Kd7 71. Rf5) 70... Bg4+ $18 71. Kd6 Bd1 72. Re5 $2 {[%mdl 8192]} (72. Rh7 $11 Ke8 73. Re7+ Kd8 74. Rd7+ Ke8 75. Rg7) 72... Bg4 73. Re1 $2 {[%mdl 8192]} (73. Rg5 $11 Ke8 74. Rg7) 73... Kc8 $2 {[%mdl 8192]} (73... Bh3 $11 74. Re7 Bg4) 74. Re8+ Kb7 75. Rf8 {Accuracy: White = 56%, Black = 55%.} 1-0

[Event "IND-ch Senior Open 2019"]
[Site "Mazitar"]
[Date "2019.12.11"]
[Round "2.4"]
[White "Navalgund, Niranjan"]
[Black "Lalith Babu M R"]
[Result "0-1"]
[WhiteElo "2231"]
[BlackElo "2556"]
[Annotator "TA"]
[PlyCount "94"]
[EventDate "2018.12.08"]
[EventType "swiss"]
[EventCountry "IND"]
[SourceTitle "playchess.com"]
[Source "ChessBase"]
[SourceQuality "1"]

{[%evp 23,94,0,33,8,8,1,11,12,11,19,16,16,25,20,25,0,0,0,0,0,15,0,0,-100,-99,-103,-99,-118,-108,-287,-273,-248,-179,-173,-173,-169,-192,-202,-192,-218,-124,-229,-219,-291,-285,-302,-302,-302,-298,-320,-320,-320,-320,-420,-420,-2241,-2351,-2716,-2175,-29946,-29950,-29967,-29969,-29964,-29970,-29967,-29956,-12845,-8693,-29970,-29974,-29973,-29972]} 1. Nf3 Nf6 2. c4 c5 3. g3 b6 4. Bg2 Bb7 5. O-O g6 6. b3 Bg7 7. Bb2 O-O 8. Nc3 d6 9. d4 cxd4 10. Qxd4 Nbd7 11. Rac1 a6 12. Rfd1 Rc8 (12... b5 $5) 13. Qe3 {A30: Symmetrical English: Double Fianchetto and Hedgehog} Re8 14. h3 Rc7 {[#]} 15. Nd4 $146 {The position is equal.} ({Predecessor:} 15. Ne1 Qb8 16. Qd2 b5 17. Nd5 Rcc8 18. cxb5 Bxd5 19. Bxd5 Nxd5 20. Bxg7 Kxg7 21. Qxd5 {0-1 (39) Le,Q (2714)-Giri,A (2714) Beijing 2011}) 15... Qa8 16. Bxb7 Qxb7 17. Qf3 Qc8 18. Qg2 Nc5 {[%cal Bd7c5,Bc5e4,Be4g5,Bg5h3][%mdl 32]} 19. Nd5 Nxd5 20. cxd5 Qd7 21. Kh2 Rec8 22. e3 a5 23. Qf1 (23. e4 $11) 23... Ne4 24. Rxc7 Rxc7 25. Qe2 Bxd4 26. Bxd4 $2 (26. Rxd4 $17 Qf5 27. Rc4) 26... Qc8 $1 $19 27. Qf3 Ng5 28. Qg4 Qxg4 29. hxg4 {[%mdl 4096] Endgame KRB-KRN} Rc2 30. a4 Rxf2+ 31. Kg1 {[#]} Nh3+ $1 32. Kh1 {[#]} Rc2 $1 {...Nf2+ is the strong threat.} 33. Rb1 Ng5 {Strongly threatening ...Nf3.} 34. Rb2 Rxb2 35. Bxb2 {With the idea Bd4. KB-KN} e5 36. Ba3 Ne4 37. Kg2 Kf8 38. Kf3 Nc5 39. Bxc5 (39. b4 $142 e4+ 40. Ke2 axb4 41. Bxb4) 39... bxc5 {KP-KP} ({Weaker is} 39... dxc5 40. Ke4 $11) 40. g5 Kg7 41. Kg4 h6 42. gxh6+ Kxh6 43. Kh4 f5 44. g4 g5+ 45. Kg3 Kg6 46. Kf3 e4+ 47. Kg3 Kf6 {Accuracy: White = 37%, Black = 83%.} 0-1

[Event "IND-ch Senior Open 2019"]
[Site "Mazitar"]
[Date "2019.12.11"]
[Round "2.5"]
[White "Ghosh, Diptayan"]
[Black "Praveen Kumar C"]
[Result "1-0"]
[WhiteElo "2555"]
[BlackElo "2199"]
[Annotator "RC"]
[PlyCount "67"]
[EventDate "2018.12.08"]
[EventType "swiss"]
[EventCountry "IND"]
[SourceTitle "playchess.com"]
[Source "ChessBase"]
[SourceQuality "1"]
[TimeControl "40/5400+30:1800+30"]

1. c4 {[%emt 0:00:00]} e6 {[%emt 0:00:40]} 2. g3 {[%emt 0:00:00]} Nf6 {[%emt 0:00:52]} 3. Bg2 {[%emt 0:00:05]} d5 {[%emt 0:00:07]} 4. Nf3 {[%emt 0:00:47]} Be7 {[%emt 0:00:18]} 5. d4 {[%emt 0:01:11]} O-O {[%emt 0:00:13]} 6. O-O {[%emt 0:04:57]} c5 {[%emt 0:00:14]} 7. cxd5 {[%emt 0:00:42]} exd5 {[%emt 0:00:08]} 8. Nc3 {[%emt 0:01:58]} Nc6 {[%emt 0:00:11]} 9. dxc5 {[%emt 0:01:35]} Bxc5 {[%emt 0:00:07]} 10. Na4 {[%emt 0:01:14]} Bb6 {[%emt 0:01:39]} 11. b3 {[%emt 0:02:22]} Re8 {[%emt 0:03:16]} 12. Nxb6 {[%emt 0:09:22]} axb6 {[%emt 0:00:13]} 13. Bb2 {[%emt 0:00:19]} Bg4 {[%emt 0:03:17]} 14. Qd3 {[%emt 0:06:08]} Qe7 {[%emt 0:12:48]} 15. Rfe1 {[%emt 0:01:21]} h6 {[%emt 0:23:51]} 16. Nd4 {[%emt 0:13:57]} Ne5 {[%emt 0:06:10]} 17. Qd2 {[%emt 0:04:14]} Bd7 {[%emt 0:04:20]} 18. Nc2 {[%emt 0:12:46]} Bc6 {[%emt 0:05:52]} 19. Bd4 {[%emt 0:05:26]} Ne4 {[%emt 0:02:34]} 20. Qb4 {[%emt 0:00:58]} Nd7 {[%emt 0:05:02]} 21. Qxe7 {[%emt 0:00:32]} Rxe7 {[%emt 0:00:02]} 22. Nb4 {[%emt 0:01:48]} Nef6 {[%emt 0:02:47]} 23. e3 {[%emt 0:01:35]} Re6 {[%emt 0:02:09]} 24. Rec1 {[%emt 0:00:25]} Rd6 {[%emt 0:00:37]} 25. Rc2 {[%emt 0:02:07]} Ne4 {[%emt 0:03:31]} 26. Rac1 {[%emt 0:02:12]} Nec5 {[%emt 0:03:28]} 27. Bh3 {[%emt 0:10:11]} Bb5 {[%emt 0:02:02]} 28. a4 {[%emt 0:03:34]} Ba6 {[%emt 0:01:01]} 29. Bxd7 {[%emt 0:00:35]} Nxd7 {[%emt 0:00:12]} 30. Rc8+ {[%emt 0:00:05]} Rxc8 {[%emt 0:00:13]} 31. Rxc8+ {[%emt 0:00:06]} Kh7 {[%emt 0:00:06]} 32. Nxa6 {[%emt 0:03:05]} bxa6 {[%emt 0:00:03]} 33. b4 {[%emt 0:00:29]} f6 {[%emt 0:01:14]} 34. Rd8 {[%emt 0:01:40]} 1-0

[Event "IND-ch Senior Open 2019"]
[Site "Mazitar"]
[Date "2019.12.11"]
[Round "2.6"]
[White "Utsab Chatterjee"]
[Black "Chanda, Sandipan"]
[Result "0-1"]
[WhiteElo "2200"]
[BlackElo "2545"]
[Annotator "ChessBase"]
[PlyCount "72"]
[EventDate "2018.12.08"]
[EventType "swiss"]
[EventRounds "11"]
[EventCountry "IND"]
[SourceTitle "playchess.com"]
[Source "ChessBase"]
[SourceQuality "1"]
[TimeControl "40/5400+30:1800+30"]

1. e4 {[%emt 0:00:00]} c5 {[%emt 0:00:01]} 2. Nf3 {[%emt 0:00:01]} d6 {[%emt 0:00:00]} 3. d4 {[%emt 0:00:17]} cxd4 {[%emt 0:00:02]} 4. Nxd4 {[%emt 0:00:00]} Nf6 {[%emt 0:00:01]} 5. Nc3 {[%emt 0:00:00]} a6 {[%emt 0:00:03]} 6. Be2 {[%emt 0:00:01]} e6 {[%emt 0:00:03]} 7. O-O {[%emt 0:00:01]} Be7 {[%emt 0:00:03]} 8. Kh1 {[%emt 0:00:01]} O-O {[%emt 0:00:03]} 9. f4 {[%emt 0:00:01]} Qc7 {[%emt 0:00:04]} 10. Be3 {[%emt 0:00:05]} b5 {[%emt 0:00:01]} 11. Bf3 {[%emt 0:00:02]} Bb7 {[%emt 0:00:01]} 12. e5 {[%emt 0:00:02]} Ne8 {[%emt 0:00:00]} 13. a3 {[%emt 0:00:02]} Nd7 {[%emt 0:00:09]} 14. Bxb7 {[%emt 0:00:36]} Qxb7 {[%emt 0:00:00]} 15. Qh5 {[%emt 0:00:03]} g6 {[%emt 0:00:03]} 16. Qh3 {[%emt 0:00:02]} Ng7 {[%emt 0:00:01]} 17. exd6 {[%emt 0:00:01]} Bxd6 {[%emt 0:00:01]} 18. Rad1 {[%emt 0:00:03]} Bc5 {[%emt 0:10:07]} 19. Rfe1 {[%emt 0:00:01]} Rad8 {[%emt 0:09:22]} 20. b4 {[%emt 0:00:01]} Ba7 {[%emt 0:09:00]} 21. Nb3 {[%emt 0:07:57]} Bxe3 {[%emt 0:01:57]} 22. Rxe3 {[%emt 0:00:00]} Nf6 {[%emt 0:11:09]} 23. Red3 {[%emt 0:00:01]} Qc7 {[%emt 0:09:43]} 24. Rxd8 {[%emt 0:03:29]} Rxd8 {[%emt 0:00:01]} 25. Rxd8+ {[%emt 0:00:01]} Qxd8 {[%emt 0:00:00]} 26. Qd3 {[%emt 0:00:01]} Qc7 {[%emt 0:01:52]} 27. g3 {[%emt 0:00:00]} Nf5 {[%emt 0:26:59]} 28. Nc5 {[%emt 0:00:01]} e5 {[%emt 0:00:01]} 29. Ne2 {[%emt 0:03:11]} exf4 {[%emt 0:03:57]} 30. Nxf4 {[%emt 0:00:01]} Qe5 {[%emt 0:05:59]} 31. Kg2 {[%emt 0:00:01]} Kg7 {[%emt 0:06:09]} 32. Kf3 {[%emt 0:00:02]} Qe1 {[%emt 0:06:38]} 33. Kg2 {[%emt 0:03:49]} Ne3+ {[%emt 0:00:07]} 34. Kh3 {[%emt 0:00:00]} g5 {[%emt 0:00:01]} 35. Qe2 {[%emt 0:00:01]} Qxe2 {[%emt 0:02:19]} 36. Nxe2 {[%emt 0:00:00]} g4+ {[%emt 0:00:00]} 0-1

[Event "IND-ch Senior Open 2019"]
[Site "Mazitar"]
[Date "2019.12.11"]
[Round "2.7"]
[White "Deepan Chakkravarthy J."]
[Black "Maheswaran, P.."]
[Result "1-0"]
[WhiteElo "2535"]
[BlackElo "2191"]
[Annotator "ChessBase"]
[PlyCount "103"]
[EventDate "2018.12.08"]
[EventType "swiss"]
[EventRounds "11"]
[EventCountry "IND"]
[SourceTitle "playchess.com"]
[Source "ChessBase"]
[SourceQuality "1"]
[TimeControl "40/5400+30:1800+30"]

1. d4 {[%emt 0:00:00]} d5 {[%emt 0:00:02]} 2. Bf4 {[%emt 0:00:10]} Nf6 {[%emt 0:00:11]} 3. e3 {[%emt 0:00:03]} e6 {[%emt 0:00:03]} 4. Nd2 {[%emt 0:00:01]} c5 {[%emt 0:00:00]} 5. c3 {[%emt 0:00:01]} Nc6 {[%emt 0:00:00]} 6. Ngf3 {[%emt 0:00:01]} Bd6 {[%emt 0:00:02]} 7. Bg3 {[%emt 0:00:00]} O-O {[%emt 0:00:00]} 8. Bd3 {[%emt 0:00:01]} b6 {[%emt 0:00:01]} 9. Ne5 {[%emt 0:00:45]} Bb7 {[%emt 0:03:42]} 10. f4 {[%emt 0:00:13]} Ne7 {[%emt 0:01:51]} 11. Qf3 {[%emt 0:13:39]} Nf5 {[%emt 0:05:28]} 12. O-O {[%emt 0:12:21]} Be7 {[%emt 0:05:28]} 13. Rad1 {[%emt 0:00:15]} Nd6 {[%emt 0:03:58]} 14. Qe2 {[%emt 0:04:56]} c4 {[%emt 0:18:21]} 15. Bb1 {[%emt 0:00:54]} b5 {[%emt 0:00:44]} 16. f5 {[%emt 0:03:37]} exf5 {[%emt 0:00:01]} 17. Bxf5 {[%emt 0:00:01]} Nxf5 {[%emt 0:07:42]} 18. Rxf5 {[%emt 0:00:01]} g6 {[%emt 0:01:57]} 19. Rf3 {[%emt 0:13:36]} Nh5 {[%emt 0:00:01]} 20. Rdf1 {[%emt 0:00:23]} f6 {[%emt 0:02:01]} 21. Bh4 {[%emt 0:02:07]} Qd6 {[%emt 0:06:32]} 22. Ng4 {[%emt 0:00:08]} Bc8 {[%emt 0:01:29]} 23. h3 {[%emt 0:01:08]} f5 {[%emt 0:06:45]} 24. Bxe7 {[%emt 0:01:14]} Qxe7 {[%emt 0:00:01]} 25. Ne5 {[%emt 0:15:55]} Be6 {[%emt 0:00:01]} 26. g4 {[%emt 0:08:41]} Ng7 {[%emt 0:06:58]} 27. Kh2 {[%emt 0:08:13]} b4 {[%emt 0:00:01]} 28. gxf5 {[%emt 0:01:04]} Nxf5 {[%emt 0:00:58]} 29. e4 {[%emt 0:00:53]} dxe4 {[%emt 0:00:59]} 30. Nxe4 {[%emt 0:01:29]} bxc3 {[%emt 0:00:30]} 31. bxc3 {[%emt 0:00:08]} Bd5 {[%emt 0:01:33]} 32. Rf4 {[%emt 0:01:53]} Rab8 {[%emt 0:00:01]} 33. Ng3 {[%emt 0:10:02]} Qa3 {[%emt 0:00:02]} 34. Nxf5 {[%emt 0:00:01]} Rxf5 {[%emt 0:00:01]} 35. Rxf5 {[%emt 0:01:25]} Rb2 {[%emt 0:00:01]} 36. R5f2 {[%emt 0:01:10]} Rxe2 {[%emt 0:00:18]} 37. Rxe2 {[%emt 0:00:01]} Qxc3 {[%emt 0:00:50]} 38. Ng4 {[%emt 0:00:00]} Qxd4 {[%emt 0:00:20]} 39. Re8+ {[%emt 0:00:00]} Kg7 {[%emt 0:00:01]} 40. Re7+ {[%emt 0:00:00]} Kh8 41. Rf8+ {[%emt 0:31:32]} Bg8 {[%emt 0:30:30]} 42. Ree8 Qd6+ {[%emt 0:05:13]} 43. Kg2 {[%emt 0:01:04]} Qd2+ {[%emt 0:06:39]} 44. Kg3 {[%emt 0:01:46]} h5 {[%emt 0:01:40]} 45. Rxg8+ {[%emt 0:00:27]} Kh7 {[%emt 0:00:00]} 46. Rh8+ {[%emt 0:00:00]} Kg7 {[%emt 0:00:00]} 47. Reg8+ {[%emt 0:00:00]} Kf7 {[%emt 0:00:00]} 48. Rf8+ {[%emt 0:00:00]} Kg7 49. Rhg8+ {[%emt 0:00:00]} Kh7 {[%emt 0:01:14]} 50. Nf6+ {[%emt 0:00:00]} Kh6 {[%emt 0:00:01]} 51. Rh8+ {[%emt 0:00:00]} Kg7 {[%emt 0:00:38]} 52. Ne8# {[%emt 0:00:00]} 1-0

[Event "IND-ch Senior Open 2019"]
[Site "Mazitar"]
[Date "2019.12.11"]
[Round "2.8"]
[White "Soham Kamotra"]
[Black "Visakh N R"]
[Result "0-1"]
[WhiteElo "2199"]
[BlackElo "2516"]
[Annotator "ChessBase"]
[PlyCount "88"]
[EventDate "2018.12.08"]
[EventType "swiss"]
[EventRounds "11"]
[EventCountry "IND"]
[SourceTitle "playchess.com"]
[Source "ChessBase"]
[SourceQuality "1"]
[TimeControl "40/5400+30:1800+30"]

1. c4 {[%emt 0:00:00]} e5 {[%emt 0:00:01]} 2. g3 {[%emt 0:00:16]} Nf6 {[%emt 0:00:06]} 3. Bg2 {[%emt 0:00:04]} d5 {[%emt 0:00:01]} 4. cxd5 {[%emt 0:00:02]} Nxd5 {[%emt 0:00:00]} 5. Nc3 {[%emt 0:00:02]} Nxc3 {[%emt 0:00:00]} 6. bxc3 {[%emt 0:00:02]} Nc6 {[%emt 0:00:01]} 7. d3 {[%emt 0:00:03]} Bc5 {[%emt 0:00:01]} 8. Qc2 {[%emt 0:00:02]} O-O {[%emt 0:00:01]} 9. Nf3 {[%emt 0:00:02]} Re8 {[%emt 0:00:00]} 10. O-O {[%emt 0:00:02]} Qf6 {[%emt 0:00:01]} 11. Ng5 {[%emt 0:00:03]} Qg6 {[%emt 0:00:02]} 12. Bd5 {[%emt 0:00:03]} Rf8 {[%emt 0:00:01]} 13. Ne4 {[%emt 0:00:16]} Bb6 {[%emt 0:00:01]} 14. a4 {[%emt 0:00:03]} Bh3 {[%emt 0:00:03]} 15. Rd1 {[%emt 0:00:04]} Rad8 {[%emt 0:00:03]} 16. Qa2 {[%emt 0:00:01]} a6 {[%emt 0:00:03]} 17. Ng5 {[%emt 0:00:02]} Bg4 {[%emt 0:00:15]} 18. h3 {[%emt 0:00:04]} Bxe2 {[%emt 0:00:01]} 19. Be4 {[%emt 0:00:13]} Qh5 {[%emt 0:00:04]} 20. g4 {[%emt 0:00:00]} Bxg4 {[%emt 0:00:04]} 21. hxg4 {[%emt 0:00:01]} Qxg4+ {[%emt 0:00:00]} 22. Kh2 {[%emt 0:00:04]} Qxd1 {[%emt 0:00:01]} 23. Nf3 {[%emt 0:00:03]} Rxd3 {[%emt 0:00:03]} 24. Be3 {[%emt 0:00:15]} Bxe3 {[%emt 0:00:01]} 25. Rxd1 {[%emt 0:00:05]} Bf4+ {[%emt 0:00:03]} 26. Kg2 {[%emt 0:00:03]} Rxd1 {[%emt 0:00:01]} 27. Qb3 {[%emt 0:00:05]} Rd6 {[%emt 0:00:04]} 28. Qxb7 {[%emt 0:00:03]} Ne7 {[%emt 0:00:02]} 29. Qxc7 {[%emt 0:00:04]} Re6 {[%emt 0:00:01]} 30. Qd7 {[%emt 0:00:02]} g6 {[%emt 0:00:02]} 31. c4 {[%emt 0:00:03]} Kg7 {[%emt 0:00:02]} 32. Qb7 {[%emt 0:00:03]} Rd8 {[%emt 0:00:03]} 33. Ne1 {[%emt 0:00:08]} Rd4 {[%emt 0:00:03]} 34. c5 {[%emt 0:00:02]} Rxa4 {[%emt 0:02:08]} 35. Bc2 {[%emt 0:00:07]} Ra5 {[%emt 0:00:01]} 36. Nd3 {[%emt 0:00:04]} Bg5 {[%emt 0:00:03]} 37. Qc7 {[%emt 0:00:02]} Ra3 {[%emt 0:00:06]} 38. Qb7 {[%emt 0:00:05]} Rc3 {[%emt 0:00:02]} 39. Bb3 {[%emt 0:00:03]} Rxd3 {[%emt 0:00:00]} 40. Bxe6 {[%emt 0:00:04]} fxe6 {[%emt 0:00:01]} 41. Qc6 {[%emt 0:30:04]} Rc3 {[%emt 0:30:01]} 42. Qd6 {[%emt 0:00:06]} Bf6 {[%emt 0:00:01]} 43. Kf1 {[%emt 0:00:14]} Kf7 {[%emt 0:00:01]} 44. Ke2 {[%emt 0:00:03]} e4 {[%emt 0:00:01]} 0-1

[Event "IND-ch Senior Open 2019"]
[Site "Mazitar"]
[Date "2019.12.11"]
[Round "2.9"]
[White "Vishnu Prasanna. V"]
[Black "Niraj, Saripalli"]
[Result "1-0"]
[WhiteElo "2493"]
[BlackElo "2180"]
[Annotator "ChessBase"]
[PlyCount "47"]
[EventDate "2018.12.08"]
[EventType "swiss"]
[EventRounds "11"]
[EventCountry "IND"]
[SourceTitle "playchess.com"]
[Source "ChessBase"]
[SourceQuality "1"]
[TimeControl "40/5400+30:1800+30"]

1. e4 {[%emt 0:00:00]} e5 {[%emt 0:00:01]} 2. Bc4 {[%emt 0:00:01]} Nc6 {[%emt 0:00:04]} 3. Nf3 {[%emt 0:00:04]} g6 {[%emt 0:00:00]} 4. d3 {[%emt 0:00:04]} Bg7 {[%emt 0:00:24]} 5. a3 {[%emt 0:00:04]} Nge7 {[%emt 0:00:01]} 6. Nc3 {[%emt 0:00:04]} d6 {[%emt 0:00:00]} 7. Ng5 {[%emt 0:00:03]} O-O {[%emt 0:00:01]} 8. h4 {[%emt 0:00:03]} h6 {[%emt 0:10:19]} 9. h5 {[%emt 0:00:01]} Nd4 {[%emt 0:22:37]} 10. hxg6 {[%emt 0:01:30]} Nxg6 {[%emt 0:02:01]} 11. Qh5 {[%emt 0:00:01]} Nh8 {[%emt 0:09:22]} 12. Nf3 {[%emt 0:00:01]} c6 {[%emt 0:14:58]} 13. Bxh6 {[%emt 0:00:01]} Qf6 {[%emt 0:01:41]} 14. Nxd4 {[%emt 0:00:01]} exd4 {[%emt 0:07:23]} 15. Ne2 {[%emt 0:00:01]} d5 {[%emt 0:00:01]} 16. Bb3 {[%emt 0:00:00]} Re8 {[%emt 0:00:01]} 17. f3 {[%emt 0:00:38]} Re5 {[%emt 0:00:02]} 18. Qh2 {[%emt 0:00:51]} dxe4 {[%emt 0:02:28]} 19. dxe4 {[%emt 0:00:33]} d3 {[%emt 0:04:57]} 20. Bxg7 {[%emt 0:00:01]} Qxg7 {[%emt 0:00:28]} 21. cxd3 {[%emt 0:00:24]} Rb5 {[%emt 0:01:40]} 22. Qd6 {[%emt 0:00:01]} Ng6 {[%emt 0:02:59]} 23. Nf4 {[%emt 0:02:19]} Rxb3 {[%emt 0:01:55]} 24. Nh5 {[%emt 0:00:01]} 1-0